Sports in Wii Sports Resort - Statistics

General Stats
  • This quiz has been taken 299 times
  • The average score is 10 of 12
Answer Stats
Description Sport % Correct
Roll a ball across a wooden floor and knock down pins or test your accuracy Bowling
96%
Hit a ball across a course and get it into a hole in a small number of shots Golf
96%
Throw a ball in a hoop either on 3-on-3 teams or practice long-range shots Basketball
95%
Throw a disc either for a dog to catch or towards a goal Frisbee
94%
Shoot an arrow as close to the center of a target as you can Archery
92%
Use a paddle to knock a small ball back and forth or practice your accuracy Table Tennis
88%
Pedal a vehicle on courses set around Wuhu Island and try to place first Cycling
83%
Ride on a board towed by a boat and perform tricks Wakeboarding
77%
Quickly row a boat through a course with obstacles blocking the path Canoeing
71%
Fight either 1-on-1 matches or try to quickly slash through different objects Swordplay
64%
Cross through goals using a motorized watercraft quickly to gain points Power Cruising
61%
Skydive, fly around the island, or fight against someone else in dogfighting Air Sports
49%
No matching quizzes found
Score Distribution
Percent of People with Each Score
Percentile by Number Answered
Your Score History
You have not taken this quiz